National Flag Details - Statistics

General Stats
  • This quiz has been taken 18 times
  • The average score is 4 of 15
Answer Stats
Question Answer % Correct
Does the Bosnian flag have the color black? No
100%
What is the order of colors on the Lithuanian flag from top to bottom? Yellow-Green-Red
50%
How many stars are there on the flag of Micronesia? 4
25%
How many different colors are there on the Seychelles flag? 5
25%
On the coat of arms of which flag can you find cattle? Andorra
25%
On which of the following flags can the Union Jack NOT be found? Bahamas
25%
Bananas can be seen on the coat of arms of whose flag? Fiji
25%
On whose flag is the bird holding a cross in its beak? Moldova
25%
Whose flag has a mountain on it? Slovenia
25%
Which of the following flags does not contain the color green? Uganda
25%
Which of the following flags has the highest percentage of blue color? Ukraine
25%
Which two countries use identical colors on their flags? Bulgaria and Madagascar
0%
In which direction does the bird on the Kiribati flag fly? Left
0%
There are more red-colored stripes than white-colored stripes on the USA flag True
0%
What color is the star on the flag of Togo? White
0%
No matching quizzes found
Score Distribution
Percent of People with Each Score
Percentile by Number Answered
Your Score History
You have not taken this quiz